Bruno Stagno/ (Record no. 2970)
[ view plain ]
| 000 -LEADER | |
|---|---|
| campo de control de longitud fija | 00937nam a22002297a 4500 |
| 003 - IDENTIFICADOR DE NÚMERO DE CONTROL | |
| campo de control | OSt |
| 005 - FECHA Y HORA DE LA ÚLTIMA TRANSACCIÓN | |
| campo de control | 20230127130827.0 |
| 008 - DATOS DE LONGITUD FIJA--INFORMACIÓN GENERAL | |
| campo de control de longitud fija | 221006b |||||||| |||| 00| 0 eng d |
| 020 ## - NÚMERO INTERNACIONAL ESTÁNDAR DEL LIBRO | |
| Número Internacional Estándar del Libro | 983 99405 1 1 |
| 040 ## - FUENTE DE CATALOGACIÓN | |
| Centro/agencia transcriptor | Biblioteca Lado V |
| 082 ## - NÚMERO DE LA CLASIFICACIÓN DECIMAL DEWEY | |
| Número de clasificación | 721.9 |
| Número de ítem | A233b |
| 110 ## - ENTRADA PRINCIPAL--NOMBRE DE ENTIDAD CORPORATIVA | |
| 9 (RLIN) | 687 |
| Nombre de entidad corporativa o nombre de jurisdicción como elemento de entrada | ADF Management Sdn. Bhd. |
| Término indicativo de función/relación | autor |
| 245 ## - MENCIÓN DEL TÍTULO | |
| Título | Bruno Stagno/ |
| Resto del título | An Architect inteh Tropics/ |
| 260 ## - PUBLICACIÓN, DISTRIBUCIÓN, ETC. | |
| Fecha de publicación, distribución, etc. | 1999 |
| Nombre del editor, distribuidor, etc. | Asia Desing Forum Publications |
| Lugar de publicación, distribución, etc. | Malaysia |
| 300 ## - DESCRIPCIÓN FÍSICA | |
| Dimensiones | 22x28cm |
| Extensión | 148p. |
| 505 ## - NOTA DE CONTENIDO CON FORMATO | |
| Título | Architecture for Latitude |
| -- | Bruno Stagno and Architectural Biodiversity |
| -- | Bruno Stagno |
| -- | Projects and Buildings |
| -- | Commercial |
| -- | Financial |
| -- | Residential |
| -- | Educational |
| -- | Community |
| -- | Acknowledgements |
| 650 ## - PUNTO DE ACCESO ADICIONAL DE MATERIA--TÉRMINO DE MATERIA | |
| Fuente del encabezamiento o término | Tesauro de Arte & Arquitectura |
| Término de materia o nombre geográfico como elemento de entrada | ARTE |
| 650 ## - PUNTO DE ACCESO ADICIONAL DE MATERIA--TÉRMINO DE MATERIA | |
| Fuente del encabezamiento o término | Tesauro de Arte & Arquitectura |
| Término de materia o nombre geográfico como elemento de entrada | ARQUITECTURA |
| 650 ## - PUNTO DE ACCESO ADICIONAL DE MATERIA--TÉRMINO DE MATERIA | |
| Fuente del encabezamiento o término | Tesauro de Arte & Arquitectura |
| Término de materia o nombre geográfico como elemento de entrada | TEORIA |
| 700 ## - ENTRADA AGREGADA--NOMBRE PERSONAL | |
| Nombre de persona | Ostrander, Tobias |
| Término indicativo de función/relación | Curador |
| 9 (RLIN) | 28 |
| 942 ## - ELEMENTOS DE ENTRADA SECUNDARIOS (KOHA) | |
| Fuente del sistema de clasificación o colocación | Clasificación Decimal Dewey |
| Tipo de ítem Koha | Libros |
| Parte de la signatura que corresponde a la clasificación (Parte de la clasificación) | 721.09 |
| Parte de la signatura que identifica el ejemplar (Parte del ítem) | A233b |
| Suprimir en OPAC | No |
| Estatus retirado | Estado de pérdida | Fuente del sistema de clasificación o colocación | Estado de daño | No para préstamo | Biblioteca de origen | Biblioteca actual | Fecha de adquisición | Número de inventario | Total de préstamos | Signatura topográfica completa | Código de barras | Visto por última vez | Precio de reemplazo | Tipo de ítem Koha |
|---|---|---|---|---|---|---|---|---|---|---|---|---|---|---|
| Clasificación Decimal Dewey | Biblioteca LadoV | Biblioteca LadoV | 27/01/2023 | 001147 | 721.09 A233b | 001147 | 27/01/2023 | 27/01/2023 | Libros |
